Gény rozhodnú, kto z kola von : Podľa odborníkov 10 percent detí nesplodili tí otcovia, ktorí figurujú v matrike

Podrobná bibliografia
Hlavní autori: Jakešová, Soňa (Author), Komendová, Iveta (Author)
Médium: Článok
Jazyk:Slovak
Témy:
Zdroj: 1. Lúč 1. Roč. 8, č. 43(1999), dát. 0222, s. 4
LEADER 00969nab#a2200325#ar4500
001 000019821
003 SVKKK
005 00000000000000.0
008 c xo e sloo
FMT
038 |a SVKKK 
040 |a SVKKK  |b slo  |e AACR2 
041 0 |a slo 
044 |a xo  |c SK 
080 |a 061.6:6  |2 1981 
080 |a 347.6  |2 1981 
100 1 |a Jakešová, Soňa  |4 aut 
245 1 0 |a Gény rozhodnú, kto z kola von :  |b Podľa odborníkov 10 percent detí nesplodili tí otcovia, ktorí figurujú v matrike  |c Jakešová Soňa, , Komendová Iveta 
300 |b Fotogr. 1 
650 0 4 |a otcovstvo  |x určovanie  |x vyšetrenia 
650 0 4 |a Ústav lekárskej biológie Lekárskej fakulty UPJŠ, Košice  |x činnosť  |x reportáže 
700 1 |a Komendová, Iveta  |4 aut 
773 0 |t Lúč  |g Roč. 8, č. 43(1999), dát. 0222, s. 4 
957 |a Košice 
958 |a KE 
974 |d 990412  |a Čr 
992 |a RBX 
BAS
852 |a SVKKK  |b BIB 
998 |a REG